01003 a2200229 4500003000500000005001700005010001600022020001500038035002100053040000900074082001300083100001900096245007300115260012200188300002700310505021200337538003000549650002000579651005300599651005600652710006500708Nust20170207153501.0 a 98930693 a969832903X a(DLC) 98930693 cNust a9554.9131 aHussain, Ijaz.10aKashmir dispute :ban international law perspective /cIjaz Hussain. aIslamabad :bQuaid-i Azam Chair, National Institute of Pakistan Studies, Quaid-i- Azam University, Islamabad,cc1998. axiii, 309 p. ;c23 cm. aThe Dispute in Historical Perspective (Page-4) Question of Accession (Page-39) Question of Aggression (Page-87) Question of Self Determination (Page-100) Question of the United Nations Resolution (Page-180)  aAlmirah No.63 Shelf No.3 aKashmir Dispute 0aJammu and Kashmir (India)xInternational status. 0aJammu and Kashmir (India)xPolitics and government.2 aNational Institute of Pakistan Studies.bQuaid-i-Azam Chair.